Pontiac Cars - Statistics

General Stats
  • This quiz has been taken 38 times
  • The average score is 6 of 16
Answer Stats
Picture Answer % Correct
Firebird
89%
GTO
79%
Fiero
68%
Solstice
68%
Grand Am
53%
Grand Prix
50%
Bonneville
45%
LeMans
37%
Catalina
26%
Chieftain
21%
Phoenix
18%
Grand Ville
16%
Ventura
16%
Star Chief
13%
Silver Streak
8%
Series 6-28
5%
No matching quizzes found
Score Distribution
Percent of People with Each Score
Percentile by Number Answered
Your Score History
You have not taken this quiz